| 000 | 01919cam a2200469 4500 | ||
|---|---|---|---|
| 008 | 031112n2003 000 0 eng u | ||
| 020 | _a0421757604 | ||
| 035 | _a(Sirsi) u124305 | ||
| 041 | _aeng | ||
| 050 |
_a347.4109 _c18 |
||
| 100 | _aTackaberry, John | ||
| 245 |
_aBernstein's handbook of arbitration and dispute resolution practice _bvol 1 |
||
| 250 | _a4th ed. | ||
| 260 |
_aLondon _bSweet & Maxwell _c2003 |
||
| 260 |
_aLondon _bChartered Institute of Arbitrators _c2003 |
||
| 300 |
_alxxxviii, 1194p. _c26cm. |
||
| 505 | _aPart 1: Introduction | ||
| 505 | _aPart 2: General principles | ||
| 505 | _aPart 3: Agricultural property arbitrations | ||
| 505 | _aPart 4: ADR in civil and commercial disputes | ||
| 505 | _aPart 5: Adjudication | ||
| 505 | _aPart 6: Construction industry arbitrations | ||
| 505 | _aPart 7: Dispute boards | ||
| 505 | _aPart 8: Documents-only arbitrations in consumer disputes | ||
| 505 | _aPart 9: International commercial arbitrations | ||
| 505 | _aPart 10: Investment treaty arbitration | ||
| 505 | _aPart 11: Maritime arbitrations | ||
| 505 | _aPart 12: Online dispute resolution | ||
| 505 | _aPart 13: Rent review and property valuation | ||
| 505 | _aPart 14: Small claims in the county court | ||
| 505 | _aPart 15: Sport | ||
| 505 | _aPart 16: Commodity trade arbitration | ||
| 505 | _aPart 17: Dispute settlement in WTO law | ||
| 505 | _aPart 18: Disciplinary tribunals for the legal profession | ||
| 650 | _aMANAGEMENT-DISPUTE AVOIDANCE, MANAGEMENT AND RESOLUTION-DISPUTE MANAGEMENT AND RESOLUTION-ARBITRATION | ||
| 650 | _aMANAGEMENT-DISPUTE AVOIDANCE, MANAGEMENT AND RESOLUTION-DISPUTE MANAGEMENT AND RESOLUTION-ALTERNATIVE DISPUTE RESOLUTION-ADJUDICATION | ||
| 650 | _aALTERNATIVE DISPUTE RESOLUTION | ||
| 650 | _aINTERNATIONAL ARBITRATION | ||
| 690 |
_aDISPUTE RESOLUTION _96236 |
||
| 700 | _aMarriott, Arthur | ||
| 942 | _n0 | ||
| 999 |
_c103196 _d103196 |
||